000 00700nam a2200253Ia 4500
003 OSt
005 20220925220103.0
006 a|||||r|||| 00| 0
007 ta
008 220923b |||||||| |||| 00| 0 eng d
037 _cGeneral Book
040 _aRTL
_cRTL
_beng
041 _2eng
_aeng
082 _aY2.3.N7, L0
100 _aFarmer Mary
_9284147
245 0 _aFamily
260 _aLondon
_bLongman
_c1970
300 _avii,168p
_ccm.
490 _aAspects of Modern Sociology. Social Structure of Modern Britain
500 _aBibliography: p 149-60
650 _aFamily Sociology
942 _hY2.3.N7, L0
_cGB
_2CC
999 _c570494
_d570494